Podział Administracyjny Warszawy - Statystyki

Ogólne statystyki
  • Ten quiz został rozwiązany 25 razy
  • Średni wynik to 12 z 18
Statystyki odpowiedzi
Jednostka % Poprawnych
Praga Północ
90%
Praga Południe
90%
Śródmieście
90%
Mokotów
80%
Ursus
75%
Włochy
75%
Bielany
65%
Ursynów
65%
Wilanów
65%
Bemowo
60%
Wawer
60%
Ochota
55%
Wola
55%
Żoliborz
55%
Targówek
50%
Białołęka
40%
Rembertów
40%
Wesoła
40%
Nie znaleziono quizów pasujących do podanych kryteriów
Rozkład punktacji
Procent ludzi z każdym wynikiem
Percentyl według liczby udzielonych odpowiedzi
Twoja historia wyników
Nie rozwiązałeś tego quizu